[Event "Principal 2024/25"]
[Site "Vitrolles"]
[Date "2024.12.14"]
[Round "5.4"]
[White "Hileyan, Michel"]
[Black "Gachbar, Imrane"]
[Result "1/2-1/2"]
[WhiteElo "1914"]
[BlackElo "1910"]
[PlyCount "56"]
[EventDate "1.??.??"]

1. d4 d5 2. Bf4 Nf6 3. e3 Bf5 4. Nf3 e6 5. Nbd2 Bd6 6. Bg3 c6 7. Ne5 Qc7 8. Be2
Nbd7 9. f4 O-O 10. Bh4 c5 11. c3 cxd4 12. exd4 a6 13. O-O Ne4 14. Rc1 b5 15. g4
Nxd2 16. Qxd2 Be4 17. Nxd7 Qxd7 18. Bd3 Bxd3 19. Qxd3 f5 20. g5 a5 21. Bg3 b4
22. c4 dxc4 23. Rxc4 Bb8 24. b3 Ba7 25. Bf2 Rfd8 26. h4 Qd5 27. Re1 Bb6 28. Re5
Qd6 1/2-1/2

[Event "Principal 2024/25"]
[Site "Vitrolles"]
[Date "2024.12.14"]
[Round "5.5"]
[White "Kosteniuk, Kristina"]
[Black "Nobili, Denis"]
[Result "1-0"]
[WhiteElo "1768"]
[BlackElo "1845"]
[PlyCount "73"]
[EventDate "1.??.??"]

1. Nf3 Nf6 2. g3 g6 3. Bg2 Bg7 4. O-O O-O 5. d3 d5 6. Nbd2 c5 7. c3 Nc6 8. e4
dxe4 9. dxe4 Bg4 10. Qc2 Qd7 11. Nc4 Qe6 12. Ne3 Bxf3 13. Bxf3 Ne5 14. Bg2 Rfd8
15. Nd5 Rac8 16. f4 Nc6 17. f5 Qd6 18. fxg6 hxg6 19. Bf4 Ne5 20. Rad1 Nxd5 21.
exd5 c4 22. Qf2 Bf6 23. Bh3 Qc5 24. Bxc8 Qxf2+ 25. Rxf2 Rxc8 26. Bxe5 Bxe5 27.
Re2 f6 28. Kg2 Kf7 29. g4 g5 30. Rf1 Bd6 31. Rf5 Rh8 32. h3 b5 33. Re4 Rc8 34.
h4 gxh4 35. Kh3 Kg6 36. Re6 Bc5 37. Rc6 1-0

[Event "Principal 2024/25"]
[Site "Vitrolles"]
[Date "2024.12.14"]
[Round "5.7"]
[White "Espanet, Fabien"]
[Black "Madranges, Jean"]
[Result "1-0"]
[WhiteElo "1847"]
[BlackElo "1806"]
[PlyCount "79"]
[EventDate "1.??.??"]

1. d4 Nf6 2. Nf3 e6 3. g3 b6 4. Bg2 Bb7 5. O-O Be7 6. c4 O-O 7. Nc3 Ne4 8. Qc2
Nxc3 9. bxc3 f5 10. Ne1 Bxg2 11. Nxg2 Nc6 12. e4 Na5 13. exf5 Rxf5 14. Ne3 Rf7
15. Qe4 Qc8 16. d5 Qb7 17. Qg4 Raf8 18. dxe6 dxe6 19. Qxe6 Kh8 20. Qd5 c6 21.
Qe4 Bc5 22. Nd1 Re7 23. Qd3 Rd7 24. Qe2 Re7 25. Qd3 Qc8 26. Be3 Rd8 27. Bd4 Qg4
28. Ne3 Qd7 29. Rad1 Bxd4 30. cxd4 Qh3 31. d5 Re5 32. f4 Re7 33. Qf5 Qh6 34.
Ng4 Qh3 35. Rfe1 Rxe1+ 36. Rxe1 h5 37. Qg5 Rf8 38. Ne5 Rf5 39. Qd8+ Kh7 40.
dxc6 1-0

[Event "Principal 2024/25"]
[Site "Vitrolles"]
[Date "2024.12.14"]
[Round "5.8"]
[White "Tramarin, Matteo"]
[Black "Colandrea, Sauveur"]
[Result "0-1"]
[WhiteElo "1821"]
[BlackElo "1772"]
[PlyCount "80"]
[EventDate "1.??.??"]

1. c4 b6 2. d4 Bb7 3. Nc3 e6 4. e4 Bb4 5. Bd3 Bxc3+ 6. bxc3 d6 7. Ne2 Nd7 8.
Ng3 Ne7 9. O-O O-O 10. Qg4 Nf6 11. Qh3 e5 12. f4 exf4 13. Bxf4 Qd7 14. Nf5 Nxf5
15. exf5 Be4 16. Bg5 Bxd3 17. Qxd3 Kh8 18. Rf4 Ng8 19. Rh4 f6 20. Qh3 h6 21.
Bd2 Rae8 22. Rf1 Re2 23. Qd3 Rfe8 24. Rf3 Qe7 25. Rg4 Qd7 26. Rfg3 Qa4 27. Bf4
Qxa2 28. h4 Re1+ 29. Kh2 Qa1 30. Re3 R8xe3 31. Bxe3 Qd1 32. Qe4 Qe2 33. Rg3 Qf1
34. Rf3 Qxc4 35. Qa8 Rf1 36. Rg3 Qf7 37. Qc8 Qh5 38. Qf8 Qxh4+ 39. Rh3 Qe1 40.
Bxh6 Rh1# 0-1

[Event "Principal 2024/25"]
[Site "Vitrolles"]
[Date "2024.12.14"]
[Round "5.9"]
[White "Rival, None"]
[Black "Urcun, Gael"]
[Result "0-1"]
[WhiteElo "1785"]
[BlackElo "1850"]
[PlyCount "50"]
[EventDate "1.??.??"]

1. d4 Nf6 2. c4 g6 3. Nc3 Bg7 4. e4 d6 5. Nf3 O-O 6. Be2 e5 7. O-O Na6 8. Be3
Ng4 9. Bg5 Qe8 10. c5 exd4 11. Nxd4 dxc5 12. Bxa6 cxd4 13. Nd5 bxa6 14. Be7 Qd7
15. Bxf8 Kxf8 16. h3 c6 17. Nb4 Qd6 18. hxg4 Qxb4 19. Rc1 Bd7 20. b3 Re8 21.
Rc4 Qd6 22. f3 c5 23. Re1 d3 24. Qd2 Bd4+ 25. Kh1 Bb5 0-1

[Event "Principal 2024/25"]
[Site "Vitrolles"]
[Date "2024.12.14"]
[Round "5.11"]
[White "Piat, Jean-Pascal"]
[Black "Boudjellal, Yaqin"]
[Result "0-1"]
[WhiteElo "1727"]
[BlackElo "1729"]
[PlyCount "98"]
[EventDate "1.??.??"]

1. d4 d5 2. Bf4 Nf6 3. Nc3 a6 4. e3 b5 5. Bd3 h6 6. Nf3 e6 7. Ne5 Bb7 8. Qf3
Nbd7 9. g4 c5 10. Nxd7 Qxd7 11. Rg1 b4 12. Nd1 c4 13. Be2 c3 14. Bd3 Ne4 15.
bxc3 bxc3 16. Qe2 Nd2 17. f3 Ba3 18. Nxc3 Bb4 19. Kxd2 Qc6 20. Rab1 Qxc3+ 21.
Kd1 Bc6 22. Bg3 Qa3 23. Be1 Bxe1 24. Kxe1 Qxa2 25. Kf2 Qa5 26. Ra1 Qc7 27. f4
a5 28. Rgb1 O-O 29. h4 f6 30. Rh1 e5 31. f5 e4 32. Bb5 Bxb5 33. Qxb5 Qxc2+ 34.
Kg3 Qc7+ 35. Kh3 Rfd8 36. Rhc1 Qa7 37. Rc5 a4 38. Rxd5 Rxd5 39. Qxd5+ Kh8 40.
Qxe4 a3 41. Qd3 a2 42. Qb3 Qa5 43. Qb2 Qd5 44. Qc2 Qf3+ 45. Kh2 Qxg4 46. Qf2
Ra5 47. Rxa2 Rxf5 48. Qg3 Qe4 49. Ra8+ Qxa8 0-1

[Event "Principal 2024/25"]
[Site "Vitrolles"]
[Date "2024.11.30"]
[Round "6.1"]
[White "Kosteniuk, Kristina"]
[Black "Busson, Benoit"]
[Result "1-0"]
[WhiteElo "1953"]
[BlackElo "1933"]
[PlyCount "51"]

1. Nf3 Nc6 2. g3 e5 3. d3 d5 4. Bg2 Bg4 5. h3 Bf5 6. Nh4 Be6 7. Nd2 Be7 8. Nhf3
f5 9. e4 Qd7 10. Qe2 Bf6 11. Nb3 Qe7 12. O-O fxe4 13. dxe4 O-O-O 14. exd5 Bxd5
15. c4 Bf7 16. Be3 Nd4 17. Nfxd4 exd4 18. Qf3 c6 19. Bf4 g5 20. Rfe1 Qd7 21.
Nc5 Qf5 22. Nxb7 Bd5 23. cxd5 Kxb7 24. dxc6+ Kc8 25. c7 Rd5 26. Re8+ 1-0

[Event "Principal 2024/25"]
[Site "Vitrolles"]
[Date "2024.11.30"]
[Round "6.2"]
[White "Bedhouche, Rayan"]
[Black "Roganova, Maxime"]
[Result "1/2-1/2"]
[WhiteElo "2016"]
[BlackElo "2042"]
[PlyCount "63"]

1. e4 c5 2. Nf3 d6 3. d4 cxd4 4. Nxd4 Nf6 5. Nc3 g6 6. Be3 Bg7 7. f3 O-O 8. Qd2
Nc6 9. O-O-O d5 10. exd5 Nxd5 11. Nxc6 bxc6 12. Bd4 e5 13. Bc5 Rb8 14. Bc4 Be6
15. Ne4 a5 16. Bxf8 Bxf8 17. g4 Rb4 18. Bxd5 cxd5 19. c3 Rb8 20. g5 Be7 21.
Nf6+ Bxf6 22. gxf6 Qxf6 23. Qe3 d4 24. cxd4 Bxa2 25. dxe5 Qf5 26. Qe4 Qc8+ 27.
Qc2 Qxc2+ 28. Kxc2 Bb3+ 29. Kc3 Bxd1 30. Rxd1 Rc8+ 31. Kb3 Rb8+ 32. Kc3 1/2-1/2

[Event "Principal 2024/25"]
[Site "Vitrolles"]
[Date "2024.11.30"]
[Round "6.3"]
[White "Madi, Mohammed"]
[Black "Hileyan, Michel"]
[Result "1-0"]
[WhiteElo "2011"]
[BlackElo "1900"]
[PlyCount "75"]

1. e4 d5 2. exd5 Nf6 3. Nc3 Nxd5 4. g3 Bf5 5. Bg2 e6 6. d3 Be7 7. Nge2 c6 8.
Bd2 Nd7 9. a3 a5 10. Rb1 Qc7 11. O-O O-O 12. h4 h6 13. Nd4 Bh7 14. Re1 Bc5 15.
Nde2 b5 16. Ne4 Bb6 17. b4 axb4 18. axb4 f5 19. N4c3 N7f6 20. Nf4 Nxf4 21. Bxf4
Qd7 22. Qe2 Rae8 23. Be3 Bxe3 24. Qxe3 Ng4 25. Qc5 Rc8 26. Ra1 Rc7 27. Ra6 Rfc8
28. Bf3 Nf6 29. Ne2 e5 30. Qxe5 c5 31. Rd6 Qf7 32. Nf4 cxb4 33. Nd5 Rxc2 34.
Nxf6+ gxf6 35. Qd4 Kh8 36. Rxf6 Qg7 37. Re7 R2c4 38. dxc4 1-0

[Event "Principal 2024/25"]
[Site "Vitrolles"]
[Date "2024.11.30"]
[Round "6.4"]
[White "Gachbar, Imrane"]
[Black "Espanet, Fabien"]
[Result "1-0"]
[WhiteElo "1940"]
[BlackElo "1826"]
[PlyCount "67"]

1. d4 Nf6 2. c4 g6 3. Nc3 Bg7 4. e4 d6 5. Bd3 O-O 6. Nge2 c5 7. d5 e6 8. O-O a6
9. a4 exd5 10. cxd5 h6 11. h3 Re8 12. Bf4 c4 13. Bxc4 Nxe4 14. Nxe4 Rxe4 15.
Qc2 Bf5 16. Bd3 Rb4 17. Bxf5 Rxb2 18. Qc8 Qxc8 19. Bxc8 Rxe2 20. Rab1 Be5 21.
Be3 a5 22. Bxb7 Ra6 23. Bxa6 Nxa6 24. Rb5 Bc3 25. Rc1 Bb4 26. Rc8+ Kh7 27. Rb6
Nc5 28. Bd4 g5 29. Rxd6 Ne6 30. Rh8+ Kg6 31. Rc6 Rd2 32. dxe6 Rxd4 33. e7+ Bd6
34. Rxd6+ 1-0

[Event "Principal 2024/25"]
[Site "Vitrolles"]
[Date "2024.11.30"]
[Round "6.6"]
[White "Nobili, Denis"]
[Black "Tiran, Baptiste"]
[Result "1-0"]
[WhiteElo "1811"]
[BlackElo "1867"]
[PlyCount "37"]

1. d4 d5 2. c4 e6 3. Nc3 c6 4. e3 Nf6 5. Nf3 Bd6 6. Qc2 Nbd7 7. Bd3 dxc4 8.
Bxc4 e5 9. O-O exd4 10. exd4 O-O 11. Bg5 Qa5 12. a3 h6 13. b4 Qc7 14. Bxh6 Ng4
15. Ng5 Bxh2+ 16. Kh1 Ndf6 17. Nce4 Bf4 18. Nxf6+ Nxf6 19. Qg6 1-0

[Event "Principal 2024/25"]
[Site "Vitrolles"]
[Date "2024.11.30"]
[Round "6.7"]
[White "Urcun, Gael"]
[Black "Olivi, Raphael"]
[Result "1-0"]
[WhiteElo "1840"]
[BlackElo "1791"]
[PlyCount "107"]

1. e4 c6 2. d4 d5 3. Nc3 dxe4 4. Nxe4 Bf5 5. Ng3 Bg6 6. Bc4 e6 7. N1e2 Nf6 8.
O-O Be7 9. Nf4 Nd5 10. Nxg6 hxg6 11. c3 Nd7 12. Qf3 Qc7 13. h3 N7f6 14. Re1
O-O-O 15. a4 Bd6 16. Bg5 Bxg3 17. fxg3 Rdf8 18. a5 Nh5 19. Bxd5 exd5 20. g4 Qg3
21. gxh5 Qxf3 22. gxf3 Rxh5 23. Bf4 Rxh3 24. Kg2 Rfh8 25. Re7 g5 26. Bg3 f5 27.
Be5 f4 28. Re8+ Kd7 29. Rxh8 Rxh8 30. Rh1 Rxh1 31. Kxh1 Ke6 32. Bxg7 Kf5 33.
Kg2 g4 34. fxg4+ Kxg4 35. Kf2 a6 36. Bh6 f3 37. Be3 Kf5 38. Kxf3 Ke6 39. Bf4
Kf5 40. Bc7 Ke6 41. Kf4 Kf6 42. b4 Ke6 43. Kg5 Kf7 44. Kf5 Ke7 45. Ke5 Kd7 46.
Bd6 Kc8 47. Ke6 Kd8 48. Be5 Kc8 49. Kd6 Kb8 50. Kd7+ Ka7 51. Kc8 Ka8 52. Bd6
Ka7 53. Bc5+ Ka8 54. Kc7 1-0

[Event "Principal 2024/25"]
[Site "Vitrolles"]
[Date "2024.11.30"]
[Round "6.8"]
[White "Madranges, Jean"]
[Black "Touaoula, Rachid"]
[Result "1/2-1/2"]
[WhiteElo "1789"]
[BlackElo "1735"]
[PlyCount "63"]

1. f4 d5 2. Nf3 Nf6 3. e3 e6 4. b3 Be7 5. Bb2 c5 6. Bb5+ Bd7 7. Bxd7+ Nbxd7 8.
O-O Rc8 9. d3 b5 10. a4 b4 11. Nbd2 a5 12. e4 Nb6 13. Ne5 Bd6 14. Nxf7 Kxf7 15.
e5 Be7 16. exf6 Bxf6 17. Bxf6 Qxf6 18. Nf3 Rhe8 19. Ne5+ Kg8 20. Qh5 c4 21.
dxc4 dxc4 22. Rf3 Red8 23. Rh3 h6 24. Rg3 Qxf4 25. Rf1 Qd4+ 26. Kh1 Rf8 27.
Rxg7+ Kxg7 28. Qg6+ Kh8 29. Qxh6+ Kg8 30. Qxe6+ Kh8 31. Qh6+ Kg8 32. Qg6+
1/2-1/2

[Event "Principal 2024/25"]
[Site "Vitrolles"]
[Date "2024.11.30"]
[Round "6.9"]
[White "Boudjellal, Yaqin"]
[Black "Montanelli, Tristan"]
[Result "1-0"]
[WhiteElo "1772"]
[BlackElo "1739"]
[PlyCount "107"]

1. e4 c5 2. Nf3 g6 3. c3 d5 4. exd5 Qxd5 5. d4 Bg7 6. Be3 cxd4 7. cxd4 Nf6 8.
Nc3 Qd8 9. h3 O-O 10. Bc4 Nc6 11. O-O a6 12. a3 b5 13. Ba2 b4 14. axb4 Nxb4 15.
Bc4 Bb7 16. Ne5 Bd5 17. Nxd5 Nfxd5 18. Qa4 Bxe5 19. dxe5 Nxe3 20. fxe3 Qb6 21.
Qb3 e6 22. Rxa6 Rxa6 23. Bxa6 Rb8 24. Bc4 Nd5 25. Bxd5 Qxb3 26. Bxb3 Rxb3 27.
Rb1 Rxe3 28. Kf2 Rxe5 29. b4 Rb5 30. Ke3 Kf8 31. Kd4 Ke7 32. Kc4 Rb7 33. b5 Kd6
34. Kb4 Kc7 35. Kc5 Rb6 36. Rf1 f5 37. Ra1 Kb7 38. Rd1 e5 39. Rd7+ Kc8 40. Re7
Rb7 41. Rxe5 Rc7+ 42. Kb6 Rc2 43. Rc5+ Rxc5 44. Kxc5 h6 45. Kd5 f4 46. Ke5 Kb7
47. Kxf4 Kb6 48. Ke5 Kxb5 49. Kf6 g5 50. Kg6 g4 51. hxg4 Kc6 52. Kxh6 Kd6 53.
g5 Ke6 54. g6 1-0

[Event "Principal 2024/25"]
[Site "Vitrolles"]
[Date "2024.11.30"]
[Round "6.10"]
[White "Ben Amar, Yanis"]
[Black "Tramarin, Matteo"]
[Result "1-0"]
[WhiteElo "1851"]
[BlackElo "1802"]
[PlyCount "79"]

1. b3 Nf6 2. Bb2 d5 3. e3 Bf5 4. Nf3 Nbd7 5. Be2 e6 6. O-O h6 7. c4 c6 8. Nc3
Bd6 9. d3 Qe7 10. a3 Rd8 11. Re1 e5 12. d4 e4 13. Nd2 O-O 14. b4 Rfe8 15. c5
Bb8 16. a4 Nf8 17. b5 g5 18. a5 Ng6 19. a6 Bc8 20. Qa4 Qc7 21. Nf1 b6 22. Rec1
Re6 23. bxc6 Qxc6 24. Bb5 Qc7 25. Ne2 Ne7 26. Ba3 Bd7 27. cxb6 Qxb6 28. Rab1
Bc8 29. Bd3 Qxb1 30. Bxb1 Nf5 31. Nfg3 Nh4 32. Rc3 Bxa6 33. Rc6 Bxg3 34. Qxa6
Rb8 35. Bc2 Bxf2+ 36. Kxf2 Ng4+ 37. Kg1 Nxe3 38. Rxe6 Nxc2 39. Rxh6 Rb1+ 40.
Bc1 1-0

[Event "Principal 2024/25"]
[Site "Vitrolles"]
[Date "2024.11.30"]
[Round "6.11"]
[White "Ghio, Maxime"]
[Black "Piat, Jean-Pascal"]
[Result "0-1"]
[WhiteElo "1800"]
[BlackElo "1705"]
[PlyCount "52"]

1. d4 Nf6 2. c4 g6 3. Nc3 Bg7 4. e4 d6 5. Nf3 O-O 6. Be2 e5 7. O-O Nc6 8. d5
Ne7 9. b4 a5 10. Ba3 axb4 11. Bxb4 Nd7 12. a4 h6 13. Qb3 f5 14. c5 Nb8 15. cxd6
cxd6 16. Rfc1 fxe4 17. Nxe4 Nf5 18. Rc4 b5 19. Rcc1 bxa4 20. Rxa4 Rxa4 21. Qxa4
Qb6 22. Qb5 Qa7 23. Bxd6 Nxd6 24. Nxd6 Ba6 25. Qb2 e4 26. Nc8 Bxc8 0-1

[Event "Principal 2024/25"]
[Site "Vitrolles"]
[Date "2024.11.30"]
[Round "6.12"]
[White "Garcia, Patrick"]
[Black "Rival, None"]
[Result "0-1"]
[WhiteElo "1683"]
[BlackElo "1755"]
[PlyCount "86"]

1. e4 c5 2. Nc3 Nc6 3. g3 g6 4. Bg2 Bg7 5. f4 d6 6. d3 e5 7. h3 Nge7 8. Nf3 d5
9. O-O d4 10. Ne2 O-O 11. a3 f5 12. exf5 Nxf5 13. g4 Nh4 14. Qe1 Nxg2 15. Kxg2
Be6 16. Ng5 Bd5+ 17. Ne4 Qe7 18. N2g3 exf4 19. Bxf4 Rf7 20. Kh2 Re8 21. Bd6 Qd7
22. Rxf7 Qxf7 23. Bxc5 Ne5 24. Qf1 Nf3+ 25. Kg2 Nh4+ 26. Kh2 Qc7 27. Kg1 Bxe4
28. Nxe4 Rxe4 29. dxe4 Qxc5 30. Qf2 g5 31. Rf1 Qe7 32. Qe2 h6 33. Qc4+ Kh7 34.
Qd3 Ng6 35. Qf3 Nf4 36. Re1 Be5 37. Qb3 Kg7 38. Rf1 b6 39. Qf3 Qc5 40. Rf2 d3
41. cxd3 Bd4 42. b4 Bxf2+ 43. Qxf2 Nxh3+ 0-1

[Event "Principal / Accession 2024/2025"]
[Site "Vitrolles"]
[Date "2025.01.25"]
[Round "7.1"]
[White "Madi, Mohammed"]
[Black "Bedhouche, Rayan"]
[Result "1/2-1/2"]
[WhiteElo "2011"]
[BlackElo "2016"]
[PlyCount "66"]
1. e4 c6 2. d4 d5 3. Nd2 dxe4 4. Nxe4 Nf6 5. Qd3 Nxe4 6. Qxe4 Qd5 7. Qe3 Bf5 8.
c4 Qe4 9. Nf3 Na6 10. Bd2 e6 11. a3 c5 12. Bc3 cxd4 13. Qxe4 Bxe4 14. Nxd4 Nc5
15. f3 Bg6 16. Rd1 O-O-O 17. b4 Na4 18. Ba1 e5 19. Nb5 Rxd1+ 20. Kxd1 a6 21.
Nc3 Nxc3+ 22. Bxc3 Be7 23. h4 Rd8+ 24. Kc1 e4 25. h5 Bg5+ 26. Kc2 Bf5 27. g4
Bd7 28. fxe4 Bxg4 29. Bd3 f6 30. a4 Bf3 31. Rh3 Bg4 32. Rh1 Bf3 33. Rh3 Bg4
1/2-1/2

[Event "Principal / Accession 2024/2025"]
[Site "Vitrolles"]
[Date "2025.01.25"]
[Round "7.2"]
[White "Colandrea, Sauveur"]
[Black "Kosteniuk, Kristina"]
[Result "0-1"]
[WhiteElo "1771"]
[BlackElo "1953"]
[PlyCount "64"]
1. b3 Nf6 2. Bb2 g6 3. e3 Bg7 4. Nf3 O-O 5. Be2 d6 6. O-O e5 7. d4 e4 8. Nfd2
h5 9. c4 Bf5 10. Nc3 Re8 11. f3 exf3 12. Bxf3 Ng4 13. Bxg4 Bxg4 14. Nf3 Rxe3
15. Nd5 Re4 16. Qd2 Bxf3 17. Rxf3 Nc6 18. Raf1 f5 19. Rd3 Kh7 20. Nf4 Bh6 21.
Rg3 Qe8 22. Rgf3 Qf7 23. Qf2 Rae8 24. Qg3 Nxd4 25. Bxd4 Rxd4 26. Nxh5 gxh5 27.
Rxf5 Qg6 28. Rf7+ Bg7 29. Qf3 Rg4 30. Qd5 Re2 31. Rxg7+ Kxg7 32. g3 Rxg3+ 0-1

[Event "Principal / Accession 2024/2025"]
[Site "Vitrolles"]
[Date "2025.01.25"]
[Round "7.3"]
[White "Busson, Benoit"]
[Black "Gachbar, Imrane"]
[Result "1-0"]
[WhiteElo "1933"]
[BlackElo "1940"]
[PlyCount "87"]
1. e4 c5 2. b4 cxb4 3. a3 e6 4. d4 Nf6 5. Bd3 Nc6 6. Ne2 Qb6 7. Be3 Ng4 8. Nd2
Nxe3 9. fxe3 d5 10. O-O Bd6 11. exd5 exd5 12. Nf4 Ne7 13. Qf3 O-O 14. Nxd5 Nxd5
15. Qxd5 Qc7 16. Qh5 g6 17. Qh6 bxa3 18. Ne4 Be7 19. Rxa3 Be6 20. Rc3 Qd8 21.
Qf4 Rc8 22. Rxc8 Qxc8 23. Qe5 Rd8 24. c4 f5 25. Nd2 Bd6 26. Qf6 Rf8 27. Qh4 Bb4
28. Nf3 Bxc4 29. Rc1 b5 30. e4 Qe8 31. Bxc4+ bxc4 32. Ng5 Qe7 33. Rxc4 Bd2 34.
Nf3 Be3+ 35. Kf1 g5 36. Qe1 Qxe4 37. Qc3 g4 38. Ne5 Qf4+ 39. Ke2 Qf2+ 40. Kd3
Bg5 41. Rc8 Qe3+ 42. Kc2 Qc1+ 43. Kd3 Rxc8 44. Qb3+ {Noirs : coup ill gal} 1-0

[Event "Principal / Accession 2024/2025"]
[Site "Vitrolles"]
[Date "2025.01.25"]
[Round "7.4"]
[White "Dupre Hollebeque, Joachim"]
[Black "Roganova, Maxime"]
[Result "0-1"]
[WhiteElo "1743"]
[BlackElo "2042"]
[PlyCount "66"]
1. e4 c5 2. Nf3 d6 3. d4 cxd4 4. Nxd4 Nf6 5. Nc3 g6 6. Be2 Bg7 7. Be3 O-O 8. g4
Nc6 9. f3 d5 10. exd5 Nxd5 11. Nxc6 bxc6 12. Bd4 e5 13. Bc5 Rb8 14. Na4 Re8 15.
c4 Qa5+ 16. Kf2 Nf4 17. a3 Nxe2 18. b4 Qa6 19. Kxe2 Qxc4+ 20. Kf2 e4 21. Rc1
Qa2+ 22. Rc2 Qxa3 23. Rd2 e3+ 24. Bxe3 Qxe3+ 25. Kg2 Rxb4 26. Rd8 Rxd8 27.
Qxd8+ Bf8 28. Qa5 Bxg4 29. fxg4 Rxg4+ 30. Kf1 Rf4+ 31. Kg2 Rf2+ 32. Kg1 Re2+
33. Kf1 Qf2# 0-1

[Event "Principal / Accession 2024/2025"]
[Site "Vitrolles"]
[Date "2025.01.25"]
[Round "7.5"]
[White "Nobili, Denis"]
[Black "Urcun, Gael"]
[Result "0-1"]
[WhiteElo "1811"]
[BlackElo "1840"]
[PlyCount "67"]
1. d4 Nf6 2. Nf3 g6 3. c4 Bg7 4. g3 O-O 5. Bg2 d6 6. Nc3 Nbd7 7. O-O e5 8. h3
Re8 9. e4 exd4 10. Nxd4 a6 11. Re1 Rb8 12. Bg5 h6 13. Be3 Ne5 14. b3 c5 15.
Nde2 b5 16. f4 Ned7 17. Qxd6 b4 18. e5 Rb6 19. Qd3 bxc3 20. Rad1 Nh7 21. Bxc5
Rbe6 22. Qxc3 Qc7 23. Bf2 Bb7 24. Bd5 R6e7 25. Qf3 Bc8 26. Qe3 Nxe5 27. fxe5
Rxe5 28. Qb6 Qxb6 29. Bxb6 Rxe2 30. Rxe2 Rxe2 31. Bf3 Re6 32. c5 Bf6 33. c6 Ng5
34. Bg4 0-1

[Event "Principal / Accession 2024/2025"]
[Site "Vitrolles"]
[Date "2025.01.25"]
[Round "7.6"]
[White "Hileyan, Michel"]
[Black "Boudjellal, Yaqin"]
[Result "0-1"]
[WhiteElo "1900"]
[BlackElo "1772"]
[PlyCount "108"]
1. d4 d5 2. Bf4 Nf6 3. e3 Bf5 4. Bd3 Bxd3 5. Qxd3 Nbd7 6. Nf3 e6 7. Nbd2 c5 8.
c3 Be7 9. h3 c4 10. Qc2 b5 11. O-O O-O 12. e4 dxe4 13. Nxe4 Qb6 14. Rfe1 a5 15.
Ned2 Rac8 16. Re2 Nd5 17. Bh2 b4 18. Ne5 Nxe5 19. Rxe5 Bf6 20. Ree1 bxc3 21.
bxc3 Nxc3 22. Qxc3 Bxd4 23. Qc2 Bxf2+ 24. Kh1 Bxe1 25. Rxe1 Rfd8 26. Ne4 Qd4
27. Ng5 Qd3 28. Qf2 Rd7 29. Nf3 c3 30. Ne5 Qd2 31. Re2 c2 32. Rxd2 c1=Q+ 33.
Bg1 Rxd2 34. Qxf7+ Kh8 35. Qxe6 Rf2 36. Nd3 Rf6 37. Qxf6 gxf6 38. Nxc1 Rxc1 39.
Kh2 Kg7 40. Bd4 Rc4 41. Bb6 Ra4 42. g4 Rxa2+ 43. Kg3 a4 44. Bd4 a3 45. g5 Rd2
46. Bxf6+ Kf7 47. Kh4 a2 48. Kh5 Rd1 49. h4 a1=Q 50. Bxa1 Rxa1 51. Kh6 Kg8 52.
h5 Ra6+ 53. g6 hxg6 54. hxg6 Rb6 0-1

[Event "Principal / Accession 2024/2025"]
[Site "Vitrolles"]
[Date "2025.01.25"]
[Round "7.7"]
[White "Touaoula, Rachid"]
[Black "Bohli, Adam"]
[Result "0-1"]
[WhiteElo "1735"]
[BlackElo "1891"]
[PlyCount "104"]
[EventDate "2025.??.??"]
[WhiteTeam "Echiquier Marseillais 1872"]
[BlackTeam "Marseille Passion Echecs"]

1. c4 e5 2. Nc3 Nc6 3. g3 g6 4. Bg2 Bg7 5. Nf3 Nge7 6. O-O O-O 7. Rb1 a5 8. d3
d6 9. a3 f5 10. e3 h6 11. d4 g5 12. dxe5 dxe5 13. Nb5 Be6 14. b3 Rc8 15. Qc2
Qe8 16. Bb2 Qf7 17. Rbc1 Ng6 18. Nc3 e4 19. Nd2 g4 20. Rfd1 Nge5 21. Bf1 h5 22.
Ndb1 h4 23. Nd5 hxg3 24. fxg3 Bxd5 25. cxd5 Nf3+ 26. Kf2 Nce5 27. Bxe5 Bxe5 28.
Bc4 Bd6 29. Nd2 Kg7 30. Kg2 Rh8 31. Rh1 Qf6 32. Nxe4 fxe4 33. Qxe4 Qg6 34.
Qxg6+ Kxg6 35. Bd3+ Kg7 36. Bf5 Rce8 37. Bxg4 Nxh2 38. Rxh2 Rxh2+ 39. Kxh2 Rxe3
40. Bf5 Rxb3 41. Rb1 Rxg3 42. Kh1 Kf6 43. Bc8 Rxa3 44. Bxb7 Ra2 45. Rf1+ Ke5
46. Rd1 a4 47. Ba6 a3 48. Bc4 Rc2 49. Bb3 Rb2 50. Bc4 a2 51. Bxa2 Rxa2 52. Kg1
Ra5 0-1

[Event "Principal / Accession 2024/2025"]
[Site "Vitrolles"]
[Date "2025.01.25"]
[Round "7.8"]
[White "Espanet, Fabien"]
[Black "Guisset, Andre"]
[Result "1-0"]
[WhiteElo "1826"]
[BlackElo "1688"]
[PlyCount "62"]
1. e4 c6 2. d4 d5 3. e5 c5 4. dxc5 e6 5. Nf3 Bxc5 6. Bd3 Ne7 7. O-O Nbc6 8. c3
Bd7 9. Nbd2 Qc7 10. Qc2 Ng6 11. Nb3 Be7 12. Re1 Na5 13. Nbd4 a6 14. Ng5 Bxg5
15. Bxg5 Nc4 16. f4 h6 17. f5 Ngxe5 18. Bf4 f6 19. b3 Qb6 20. bxc4 Nxd3 21.
Qxd3 e5 22. Be3 Qd6 23. Ne6 Kf7 24. Bc5 Qc6 25. cxd5 Qa4 26. Re4 Qb5 27. Qg3
Bxe6 28. dxe6+ Kg8 29. Be7 g5 30. Bxf6 Rh7 31. Bxe5 Qd3 1-0

[Event "Principal / Accession 2024/2025"]
[Site "Vitrolles"]
[Date "2025.01.25"]
[Round "7.9"]
[White "Tiran, Baptiste"]
[Black "Madranges, Jean"]
[Result "1-0"]
[WhiteElo "1867"]
[BlackElo "1789"]
[PlyCount "81"]
1. d4 Nf6 2. c4 b6 3. Nf3 Bb7 4. g3 e6 5. Bg2 Be7 6. O-O O-O 7. Nbd2 d5 8. Qc2
Nbd7 9. b3 c5 10. Ba3 cxd4 11. Bxe7 Qxe7 12. Nxd4 Rac8 13. Rac1 Rfd8 14. Qb2
Nf8 15. cxd5 Nxd5 16. Rc4 Rxc4 17. Nxc4 Nf6 18. Nc6 Bxc6 19. Bxc6 Ng6 20. e3
Rd3 21. Rc1 Qd8 22. Bf3 b5 23. Na3 a6 24. Nc2 Rd2 25. Qc3 Rd3 26. Qb4 Ne5 27.
Nd4 Rxd4 28. exd4 Nxf3+ 29. Kg2 Qa8 30. d5 Ne5 31. Qc5 h6 32. Qc8+ Qxc8 33.
Rxc8+ Kh7 34. dxe6 fxe6 35. Ra8 Nd3 36. Rxa6 Nc1 37. a4 bxa4 38. bxa4 e5 39.
Re6 e4 40. a5 Nd7 41. a6 1-0

[Event "Principal / Accession 2024/2025"]
[Site "Vitrolles"]
[Date "2025.01.25"]
[Round "7.10"]
[White "Rival, None"]
[Black "Ben Amar, Yanis"]
[Result "1-0"]
[WhiteElo "1755"]
[BlackElo "1851"]
[PlyCount "25"]
1. d4 b6 2. e4 Bb7 3. Bd3 e6 4. Nf3 Nf6 5. Qe2 Be7 6. Nc3 O-O 7. h4 d5 8. e5
Nfd7 9. Bxh7+ Kxh7 10. Ng5+ Kg8 11. Qh5 Bxg5 12. hxg5 f5 13. g6 1-0

[Event "Principal / Accession 2024/2025"]
[Site "Vitrolles"]
[Date "2025.01.25"]
[Round "7.11"]
[White "Piat, Jean-Pascal"]
[Black "Olivi, Raphael"]
[Result "0-1"]
[WhiteElo "1705"]
[BlackElo "1791"]
[PlyCount "56"]
1. d4 d5 2. Bf4 Nf6 3. Nc3 c5 4. e3 Bd7 5. dxc5 e6 6. Bd3 Bxc5 7. Nf3 Nc6 8.
O-O Nh5 9. Bg5 Qc7 10. Nb5 Qb8 11. a3 h6 12. Bh4 g5 13. Bg3 Nxg3 14. hxg3 g4
15. Nfd4 h5 16. c4 h4 17. gxh4 g3 18. fxg3 Nxd4 19. exd4 Bxb5 20. dxc5 dxc4 21.
Qf3 Qc7 22. Be4 O-O-O 23. Qxf7 Qxc5+ 24. Kh2 Qb6 25. Rf6 Bd7 26. Rc1 Qc7 27.
Kh3 Rdg8 28. g4 Rxh4+ 0-1